000 01092nam a22002657a 4500
005 20170124103059.0
010 _a609623
020 _c4.00
035 _a609623
037 _bCen Lib/Ret
040 _aDPL
_bHN
082 _a
_bमुक्तिबो
100 _aमुक्तिबोध, गजानन माधव
_943983
245 _aविपात्र /
_cगजानन माधव मुक्तिबोध
246 _aVipatra /
_bby Gajanan Madhav Muktibodh
260 _aदिल्ली
_bभारतीय ज्ञानपीठ
_c1980
270 _bदिल्ली
_a3620/21 नेताजी सुभाष मार्ग
_e110006
300 _a126पृ.
_c17सेमी (सजिल्द)
490 _aलोकोदय ग्रन्थमाला, 308
650 _aसाहित्य--उपन्यास
_976253
650 _aहिन्दी उपन्यास
_976254
650 _aLiterature--Fiction
_976255
650 _aHindi novel
_976256
942 _2ddc
_cHN
_h
_mमुक्तिबो
999 _c117682
_d117682